Phân loại đất Đồng bằng sông Cửu Long theo hệ thống WRB 2006 và mối quan hệ đến hệ thống phân loại độ phì nhiêu đất FCC : Luận văn thạc sĩ chuyên ngành Khoa học Đất

Đề tài nói về việc phân loại Đất Đồng bằng Sông Cửu Long theo hệ thống WRB (Fao, 2006) và mối phân hệ đến hệ thống phân loại độ phì nhiêu đất FCC trên cơ sở xác định các tấng chuẩn đoán, đặc tính chuẩn đoán, vật liệu chuẩn đoán và...

Full beskrivning

Sparad:
Bibliografiska uppgifter
Huvudupphovsman: Trần, Thanh Thắng
Materialtyp: Bok
Språk:Undetermined
Publicerad: Cần Thơ Trường Đại học Cần Thơ 2010
Ämnen:
Taggar: Lägg till en tagg
Inga taggar, Lägg till första taggen!
Thư viện lưu trữ: Trung tâm Học liệu Trường Đại học Cần Thơ
LEADER 01444nam a2200229Ia 4500
001 CTU_162804
008 210402s9999 xx 000 0 und d
082 |a 631.44 
082 |b Th116 
088 |a 60620103 
100 |a Trần, Thanh Thắng 
245 0 |a Phân loại đất Đồng bằng sông Cửu Long theo hệ thống WRB 2006 và mối quan hệ đến hệ thống phân loại độ phì nhiêu đất FCC : 
245 0 |b Luận văn thạc sĩ chuyên ngành Khoa học Đất 
245 0 |c Trần Thanh Thắng ; Lê Quang Trí (Hướng dẫn Khoa học) 
260 |a Cần Thơ 
260 |b Trường Đại học Cần Thơ 
260 |c 2010 
520 |a Đề tài nói về việc phân loại Đất Đồng bằng Sông Cửu Long theo hệ thống WRB (Fao, 2006) và mối phân hệ đến hệ thống phân loại độ phì nhiêu đất FCC trên cơ sở xác định các tấng chuẩn đoán, đặc tính chuẩn đoán, vật liệu chuẩn đoán và xác định các đặc tính về hình thái, lý - hoá học các nhóm đất chính. 
650 |a Khoa học đất,Soil science,Soils,Đất trồng 
650 |x Classification,Phân loại 
904 |i Quyền, Hải 
980 |a Trung tâm Học liệu Trường Đại học Cần Thơ